Introduction to simulation and risk analysis /
Guardado en:
| Autor Principal: | |
|---|---|
| Otros Autores: | |
| Formato: | Libro |
| Idioma: | English |
| Publicado: |
New Yersey :
Prentice Hall,
c1998.
|
| Materias: | |
| Etiquetas: |
Agregar Etiqueta
Sin Etiquetas, Sea el primero en etiquetar este registro!
|
| LEADER | 00788nam a22002055 4500 | ||
|---|---|---|---|
| 001 | EAD.ead003183 | ||
| 008 | 080718s1998####xxud##########001#0#eng#d | ||
| 005 | 20120601134037.0 | ||
| 245 | 1 | 0 | |a Introduction to simulation and risk analysis / |c James R. Evans, David L. Olson. |
| 260 | |a New Yersey : |b Prentice Hall, |c c1998. | ||
| 300 | |a xvii, 279 p. ; |c 26 cm. + |e CD-ROM. | ||
| 500 | |a Incluye referencias bibliográficas e índice. | ||
| 500 | |a "Free software enclosed-student version of crystal ball"--Tapa. | ||
| 020 | |a 0136216080 | ||
| 100 | 1 | |a Evans, James R. |q (James Robert), |d 1950- | |
| 700 | 1 | |a Olson, David Louis. | |
| 082 | 0 | 4 | |a 658.4035 |2 21 |
| 650 | 7 | |a Simulación por computadora. |2 unbist | |
| 650 | 7 | |a Riesgo. |2 unbist | |
| 859 | |a AR-BaBDC |b BIB. ADMINISTRACION - Libros |h 658.4035 |i Ev15 |p b04558 | ||
